000
00325nam a2200145Ia 4500
005
20260328101441.0
008
260328s9999||||xx |||||||||||||| ||und||
100
_a
Amaya, Mario
245
0
_a
Art Nouveau /
_c
Mario Amaya
250
_a
Limitada
260
_b
Studio Vista
300
_a
168 p.
650
_a
ARTE
942
_c
BK
999
_c
8267
_d
8267